| 000 | 00683cab a2200217 4500 | ||
|---|---|---|---|
| 001 | WB3215-10 | ||
| 008 | 090401t1996 xxu||||| |||| 00| 0 eng d | ||
| 035 | _a(Sirsi) u69642 | ||
| 041 | _aeng | ||
| 245 | _aConstruction Bill faces collapse | ||
| 260 | _c1996 | ||
| 350 | _a0 | ||
| 490 |
_aConstruction News _v(6461) 18 April 1996, 1&64(1) |
||
| 520 | _aConstruction professionals warn that they will not support the Construction Bill unless government agrees to major amendments. | ||
| 650 | _aCONSTRUCTION BILL | ||
| 650 | _aCONSTRUCTION INDUSTRY | ||
| 650 | _aLATHAM REFORMS | ||
| 690 | _aBUILT ENVIRONMENT-BUILDING CONTRACT FORMS | ||
| 942 | _n0 | ||
| 948 | _c04/03/1997 | ||
| 999 |
_c43753 _d43753 |
||